| 000 | 00747nam a2200229 a 4500 | ||
|---|---|---|---|
| 005 | 20240924064632.0 | ||
| 008 | 070816s2002 mx r 000 0 spa d | ||
| 020 | _a8480635525 | ||
| 035 | _aUPN01000150940 | ||
| 049 | _aCG | ||
| 050 | 4 |
_aLB1140.2 _bG6.3 |
|
| 100 | 1 | _aGoldschmnied, Elinor | |
| 245 | 1 | 0 |
_aEducar en la escuela infantil / _cElinor Goldschmnied ; tr. Mari Carmen Doñate. |
| 260 |
_aBarcelona, Esp. : _bOctaedro : _bRosa Sensat, _c2002. |
||
| 300 | _a208 p. | ||
| 440 | 0 |
_aTemas de infancia ; _v6 |
|
| 534 |
_pTítulo original : _tIt bambino nell´asilo nido. Guida per le educactrici e i genitori |
||
| 650 | 4 |
_aEducación de niños _95387 |
|
| 650 | 4 |
_aEducación preescolar _91517 |
|
| 905 | _aLibro | ||
| 999 |
_c123080 _d123080 |
||